00503nam a2200205Ia 4500008004100000020001800041050001400059100001600073245001400089245006400103245001600167260001500183260001600198260000900214300001500223300002700238300001000265440001400275500000800289170918s9999 xx 000 0 und d a9780439701655 bM647 2004 aMiller, Amy aiAudaz! : bthe daring adventures of mountain climber Carlos Carsolio / cAmy Miller. aNew York : bScholastic, c2004 a31 pages : bcolored illustration ; c20cm. aRead 180. a640